000 00348 a2200109 4500
001 ART_45210
005 20260410161925.0
008 260409a
245 1 0 _aThe demand for state and local government employees
100 1 _aEhrenberg, Ronald G.
773 0 _tThe American Economic Review
_g- Vol. 63,NÂș 3 (jun. 1973)
_wREV16190
999 _c28048
_d28048